Then came Jesus. (Record no. 13683)

000 -LEADER
fixed length control field 00543nam a2200181 a 4500
001 - CONTROL NUMBER
control field :::00011506$&:&@@
003 - CONTROL NUMBER IDENTIFIER
control field OkBaRHE
005 - DATE AND TIME OF LATEST TRANSACTION
control field 20000607103409.0
008 - FIXED-LENGTH DATA ELEMENTS--GENERAL INFORMATION
fixed length control field s1967 j 000 0 eng u
040 ## - CATALOGING SOURCE
Transcribing agency
100 1# - MAIN ENTRY--PERSONAL NAME
Personal name Kirby, Clyde.
245 10 - TITLE STATEMENT
Title Then came Jesus.
260 ## - PUBLICATION, DISTRIBUTION, ETC. (IMPRINT)
Place of publication, distribution, etc Grand Rapids, MI., :
Name of publisher, distributor, etc Zondervan
Date of publication, distribution, etc c1967
300 ## - PHYSICAL DESCRIPTION
Extent 157 p. ;
Dimensions 22 cm.
650 ## - SUBJECT ADDED ENTRY--TOPICAL TERM
Topical term or geographic name as entry element Clergy
General subdivision Correspondence, Reminiscences, etc.
942 ## - ADDED ENTRY ELEMENTS (KOHA)
Source of classification or shelving scheme
Koha item type Books
Copies
Lost status Damaged status Shelving location Source of classification or shelving scheme Price effective from Copy number Date last seen Withdrawn status Full call number Barcode Permanent Location Not for loan Date acquired Koha item type
  General Stacks 2010-04-1412010-04-14 BX 4827 .K511506RHEMA Bible Training College 2010-04-14Books